• 首页
  • 本馆介绍
  • 公告通知
  • 最新文献
  • 馆藏检索
  • 电子资源
  • 读者导购
  • 参考咨询
  • 我的图书馆
  • 登录
  • 详细信息显示
  • 放入我的书架
  • 预约/预借图书
  • 作者相关作品
  • 分类相关作品
  • 丛书相关作品
  • 出版社相关作品

书目信息

  • 表格格式
  • 工作单格式
  • 卡片格式
题名:
杜甫诗歌赏析
    
 
作者: 马玮 主编
分册:  
出版信息: 北京   商务印书馆国际有限公司  2017
页数: 12, 284页
开本: 24cm
丛书名: 中国古典诗词名家菁华赏析丛书
单 册:
中图分类: I207.227.423
科图分类:
主题词: 杜诗--du shi--鉴赏
电子资源:
ISBN: 978-7-5176-0407-5
000 01028nam 2200265 450
001 012001006275
005 20131101105127.0
010    @a978-7-5176-0407-5@dCNY35.00
099    @aCAL 012017129306
100    @a20170814d2017 em y0chiy50 ea
101 0  @achi
102    @aCN@b110000
105    @aa z 000yy
106    @ar
200 1  @a杜甫诗歌赏析@Adu fu shi ge shang xi@f马玮主编
210    @a北京@c商务印书馆国际有限公司@d2017
215    @a12, 284页@c图@d24cm
225 2  @a中国古典诗词名家菁华赏析丛书@Azhong guo gu dian shi ci ming jia jing hua shang xi cong shu
330    @a本书选收名诗八十首。注释、题解、赏析等全方位的解读内容, 深入浅出的赏析文字, 活泼疏朗的内文版面, 精美典雅的装帧设计, 足以让读者在轻松愉悦的阅读中尽情口味诗圣杜甫经典诗歌的沉郁顿挫之美, 享受诗歌艺术的无穷魅力。
410  0 @12001 @a中国古典诗词名家菁华赏析丛书
606 0  @a杜诗@Adu shi@x鉴赏
690    @aI207.227.423@v5
701  0 @a马玮@Ama wei@4主编
801  2 @aCN@b上海新华@c20191020
905    @b1131306-9@dI207.227.423@e1167@f4
    
    杜甫诗歌赏析/马玮主编.-北京:商务印书馆国际有限公司,2017
    12, 284页:图;24cm.-(中国古典诗词名家菁华赏析丛书)
    
    
    ISBN 978-7-5176-0407-5:CNY35.00
    本书选收名诗八十首。注释、题解、赏析等全方位的解读内容, 深入浅出的赏析文字, 活泼疏朗的内文版面, 精美典雅的装帧设计, 足以让读者在轻松愉悦的阅读中尽情口味诗圣杜甫经典诗歌的沉郁顿挫之美, 享受诗歌艺术的无穷魅力。
●
相关链接 在E读中查询图书 在五车中查询图书 在当当中查询图书 在豆瓣中查询图书


正题名:杜甫诗歌赏析     索取号:I207.227.423/1167         预约/预借

序号 登录号 条形码 馆藏地/架位号 状态 备注
1 1131306   211313069   第一样本阅览室/ [索取号:I207.227.423/1167] 在馆    
2 1131307   211313078   第二借阅区/ [索取号:I207.227.423/1167] 在馆    
3 1131308   211313087   第二借阅区/ [索取号:I207.227.423/1167] 在馆    
4 1131309   211313096   第二借阅区/ [索取号:I207.227.423/1167] 在馆    
唐山师范学院图书馆 欢迎您!
大连网信软件有限公司© 版权所有